| 000 | 00354 a2200169 4500 | ||
|---|---|---|---|
| 001 | 190544 | ||
| 020 | _a85-04-00707-3 | ||
| 040 | _cMagnum | ||
| 100 | _aMurray, Roseana | ||
| 240 | 1 | 0 |
_aO mar e os sonhos _lpor |
| 245 | 1 | 0 | _aO mar e os sonhos |
| 300 | _a30 | ||
| 362 | 0 | _a2004 | |
| 440 | 1 | _aNacional | |
| 697 | _aLITERATURA INFANTIL | ||
| 942 | _cBK | ||
| 999 |
_c190544 _d190544 |
||